| 000 | 00499cam a2200181ua 4500 | ||
|---|---|---|---|
| 020 | _c175.00 | ||
| 041 |
_aeng _h |
||
| 082 |
_a005.26 _bHAL/MI |
||
| 100 | _aHall, Douglas V . | ||
| 245 |
_aMicroprocessors and interfacing: programming and hardware / _cDouglas V Hall. _hTextual Documents |
||
| 260 |
_aNew Delhi : _bTata Mc-Graw Hill Publishing Company , _c1991. |
||
| 300 | _a554 ; . | ||
| 365 | _a175.00 | ||
| 504 | _a | ||
| 942 | _cBK | ||
| 999 |
_c9722 _d9722 |
||